000 00644cab a2200229 4500
001 ABS60576
008 090401t1999 xxu||||| |||| 00| 0 eng d
035 _a(Sirsi) u92980
041 _aeng
100 _aRoberts, J.
245 2 _aA question of credibility
260 _c1999
350 _a0
490 _aEstates Gazette
_v(9915) 17 April 1999, 55(1)
650 _aABOUT RICS-RELATED ORGANISATIONS-INVESTMENT PROPERTY FORUM
650 _aABOUT RICS-RELATED ORGANISATIONS-INVESTMENT PROPERTY FORUM
650 _aRENTAL INCOME
650 _aValuation
_96273
690 _aRATING AND VALUATION
942 _n0
948 _c26/04/1999
999 _c58928
_d58928